000 00364nam a2200169Ia 4500
001 12173
003 IN-NITTTR
005 20251114233114.0
008 251113s9999||||xx |||||||||||||| ||eng||
040 _beng
040 _cIN-NITTTR
041 _aeng
082 _a923.1 A86T
100 _aAuty, Phyllis
245 0 _aTito. /
_cAuty, Phyllis
942 _2ddc
_cBK
999 _c14809
_d14809